000 00834nam a22002537a 4500
999 _c18979
_d18979
003 AR-CdUCM
008 190516b ||||| |||| 00| 0 spa d
040 _aMUNICIPALIDAD PROVINCIAL DEL CUSCO
_cBIBLIOTECA MUNICIPAL DEL CUSCO
041 _heng
082 _a680 /
_bP732
100 _aPlowden, Lady
_939962
245 _aAviación /
260 _aEcuador :
_bAriel,
_c1976.
300 _a56 páginas ;
_bIlustraciones,
_c21 cm.
440 _aBiblioteca fundamental Ariel
_939963
505 _aContenido: Como nació el avión -- Aeronaves mas livianas que el aire -- Aeronaves mas pesadas que el aire...
650 _aAviones
_929888
650 _aAeronaves
_939817
650 _aAeropuertos
_939964
700 _aBrearley, Molly
_939965
700 _abriggs, Asa
_939966
942 _2ddc
_cLIBROS
945 _adavv
_d2019-05-16